Statistiche per Amintore Fanfani

Clicka qui per fare il quiz!

Statistiche generali

  • Questo quiz è stato fatto 12 volte
  • Il punteggio medio è 15 su 20

Statistiche sulle risposte

AnniCarica ricoperta% Corretto
1946-1968Deputato
100%
1987-1988Ministro dell'interno
100%
1953-1954Ministro dell'interno
100%
1954-1954Presidente del consiglio dei ministri
100%
1958-1959Presidente del consiglio dei ministri
100%
1987-1987Presidente del consiglio dei ministri
100%
1960-1963Presidente del consiglio dei ministri
100%
1982-1983Presidente del consiglio dei ministri
100%
1972-1999Senatore
100%
1966-1968Ministro degli esteri
67%
1965-1965Ministro degli esteri
67%
1958-1959Ministro degli esteri
67%
1962-1962Ministro degli esteri
67%
1988-1989Ministro del bilancio
67%
1968-1973Presidente del Senato
67%
1976-1982Presidente del Senato
67%
1985-1987Presidente del Senato
67%
1947-1950Ministro del lavoro
33%
1951-1953Ministro delle politiche agricole e forestali
33%
1965-1965Presidente dell'Assemblea generale delle Nazioni Unite
33%

Distribuzione punteggi

Percentile per numero di risposta

Percentuale di utenti per punteggio

I tuoi punteggi nel tempo

Non hai fatto questo quiz